000 00896nam a2200265 a 4500
001 50005
003 BD-RjUL
005 20211209075437.0
008 160823s1958 nyua 000 0 eng
020 _c:$1.25
035 _a(BD-RjUL)50125
040 _aBD-RjUL
_cOCU
_dBD-RjUL
_beng
041 _aeng
082 _a371.27
_223
_bHOH 1958
100 1 _aHook, J. N.
_q(Julius Nicholas),
_9149843
245 1 0 _aHow to take examinations in college :
_bA guide with sample questions answere, and a supplement on college entrance examinations /
260 _aNew York :
_bBarnes & Noble,
_c[1958]
300 _a180 p. :
_bill. ;
_c21cm.
500 _aIncludes Index.
650 0 _aUniversities and colleges
_xExaminations.
_9149845
650 0 _aStudy skills.
_9117026
830 _aCollege outline series,
_vno. 106
_9149850
942 _2ddc
_cBK
999 _c50005
_d50005